000 00246nam a2200097Ia 4500
001 689242
005 20250826161630.0
008 250824s9999 xx 000 0 und d
245 0 _aHZ.MUHAMMED'İN HAYATI
_cMARTİN LİNGS
260 _bİNSAN YAYINLARI
999 _c689242
_d689242